header

First language attrition, use and maintenance (Record no. 22648)

MARC details
000 -LEADER
fixed length control field 01440nam a22003494a 4500
082 04 - DEWEY DECIMAL CLASSIFICATION NUMBER
Classification number 306.44
100 1# - MAIN ENTRY--AUTHOR NAME
Personal name Schmid, Monika S.
245 10 - TITLE STATEMENT
Title First language attrition, use and maintenance
260 ## - PUBLICATION, DISTRIBUTION, ETC. (IMPRINT)
Place of publication Amsterdam ;
-- Philadelphia, PA :
Name of publisher J. Benjamins Pub.,
Year of publication 2002.
300 ## - PHYSICAL DESCRIPTION
Number of Pages xiv, 258 p. :
Other physical details ill.
490 1# - SERIES STATEMENT
Series statement Studies in bilingualism,
650 #0 - SUBJECT ADDED ENTRY--TOPICAL TERM
Topical Term Language attrition.
Topical Term Language maintenance.
Topical Term Languages in contact.
Topical Term Jews, German
856 40 - ELECTRONIC LOCATION AND ACCESS
Uniform Resource Identifier http://site.ebrary.com/lib/rucke/Doc?id=10023483

No items available.

© 2026 Rongo University
Contact us: librarian | system librarian | Rongo university